00881nam a2200253Ia 450000500170000000800410001702000220005808200140008010000480009424500490014225000190019130000430021049000240025360000860027765000450036365000380040894200150044626400280046133600270048933700330051633800280054904000350057799900150061220220317000957.0160825s2007 sp a g 000 0 spa  a9,7884376117e+01204a868bQ82p1 aQuevedo y Villegas, Francisco ded1580-164510aProsa festiva completacFrancisco de Quevedo a2a. edición  a567 páginas bilustraciones c18 cm  aLetras hispánicas14aQuevedo y Villegas, Francisco de, d1580-1645xCritica e interpretación 963950142LEMBaLiteratura española ySiglo XVII142LEMB aSátira en la literatura  2ddccBKLIT aMadridbCátedrac2007 atextobtxt2rdacontent asin mediaciónbn2rdamedia avolumenbnc2rdacarrier aCO-BoRNBPbspaerdacCO-BoRNBP c5574d5574